Loading...

Kerala's development issues in the new millenium

Bibliographic Details
Main Author: Prabhakaran Nair V R (ed.)
Other Authors: Prakash B A (ed.)
Format: Printed Book
Published: New Delhi Serials 2008
Subjects:
LEADER 00667nam a22001811a 4500
020 |a 9788183871525  |c 0.00 
040 |a SSUS - Library - Kalady 
082 |a 338.954 83  |b PRA/K 
100 |a Prabhakaran Nair V R (ed.) 
245 |a Kerala's development issues in the new millenium  |h [Text] 
260 |a New Delhi  |b Serials  |c 2008 
300 |a 432p. 
600 |a Economic Development Kerala 
700 |a Prakash B A (ed.) 
852 |h 338.954 83  |i PRA/K  |p 057176  |9 1395.00  |t 0 
942 |c BK 
999 |c 23933  |d 23933 
952 |0 0  |1 0  |4 0  |6 338_954000000000000_83_PRA_K  |7 0  |9 34177  |a SSUS  |b SSUS  |d 2015-01-08  |g 1395.00  |l 5  |o 338.954 83 PRA/K  |p 057176  |r 2016-05-31  |s 2016-05-23  |v 0.00  |w 2015-01-08  |y BK